| 000 | 00934aam a2200397a 44500 | ||
|---|---|---|---|
| 008 | 210308s2020 cat | ||
| 017 | _aB1395-2020 | ||
| 020 | _a9788417796167 | ||
| 041 | _acat | ||
| 100 |
_aDuch, Lluís _975024 |
||
| 245 | _aConceptes fonamentals d'antropologia i religió | ||
| 245 | _cLluís Duch | ||
| 260 | _aBarcelona | ||
| 260 | _bFragmenta Editorial | ||
| 260 | _c2020 | ||
| 300 | _a176 p. | ||
| 365 | _b13.42 | ||
| 365 | _ceuros | ||
| 490 |
_aAssaig; _v59 |
||
| 520 | _a34 | ||
| 546 | _acatalà | ||
| 591 | _a10819 | ||
| 592 | _aObra terminològica | ||
| 593 | _aOM | ||
| 593 | _aQK | ||
| 594 | _a10819 | ||
| 650 |
_aantropologia _963032 |
||
| 650 |
_areligió _963897 |
||
| 830 |
_aAssaig; _v59 _966213 |
||
| 901 | _c<2020> | ||
| 902 | _a210308 | ||
| 942 |
_cMO _n0 |
||
| 999 |
_c67810 _d67810 |
||